Sexy To Someone - Clairo (Lyrics) - Statistics

General Stats
  • This quiz has been taken 13 times
  • The average score is 193 of 273
Answer Stats
Answer % Correct
a
100%
i
100%
(i
100%
it
89%
of
89%
sexy
89%
someone
89%
someone)
89%
the
89%
then
89%
to
89%
when
89%
ask
78%
ask?
78%
get
78%
house
78%
is
78%
just
78%
need
78%
no
78%
not
78%
out
78%
reason
78%
want
78%
all
67%
and
67%
be
67%
can't
67%
in
67%
it's
67%
less
67%
little
67%
live
67%
more
67%
nothing
67%
oh
67%
really
67%
somebody
67%
thing
67%
you
67%
about
56%
didn't
56%
if
56%
movie
56%
much
56%
on
56%
park
56%
part
56%
see
56%
sometimes
56%
sugar
56%
too
56%
with
56%
without
56%
your
56%
could
44%
doing
44%
everything
44%
honey
44%
i'm
44%
job
44%
me
44%
or
44%
something
44%
think
44%
through
44%
tv
44%
walking
44%
at
33%
bar
33%
checking
33%
hands
33%
hotel
33%
moments
33%
rim
33%
sticking
33%
thought
33%
would
33%
car
22%
heart
22%
help
22%
off
22%
pull
22%
take
22%
that
22%
back?
11%
call
11%
eyes
11%
holding
11%
knowing
11%
send
11%
afterglowing
0%
what's
0%
No matching quizzes found
Score Distribution
Percent of People with Each Score
Percentile by Number Answered
Your Score History
You have not taken this quiz